Countries Whose Currency Is Euro - Statistics

General Stats
  • This quiz has been taken 72 times
  • The average score is 21 of 23
Answer Stats
Answer % Correct
France
100%
Portugal
98%
Andorra
97%
Germany
97%
Spain
97%
Austria
95%
Italy
95%
Netherlands
94%
Belgium
92%
Luxembourg
92%
Greece
90%
Slovenia
90%
Estonia
89%
San Marino
89%
Slovakia
89%
Ireland
87%
Latvia
87%
Lithuania
87%
Finland
85%
Vatican City
84%
Malta
82%
Monaco
79%
Cyprus
69%
No matching quizzes found
Score Distribution
Percent of People with Each Score
Percentile by Number Answered
Your Score History
You have not taken this quiz